000 00623nam a2200181Ia 4500
008 090124s9999 xx 000 0 und d
082 _b106564
100 _aआफळे गोविंदस्वामी
245 _a तूं बायको ना त्याची ?
250 _a1
260 _c1958
300 _a56
600 _aआफळे गोविंदस्वामी
630 _a तूं बायको ना त्याची ?
700 _aआफळे गोविंदस्वामी
730 _a तूं बायको ना त्याची ?
942 _cBOOK
999 _c152655
_d152655